Principles of Financial Accounting (Record no. 3327)
| 000 -LEADER | |
|---|---|
| fixed length control field | 00640nam a22002417a 4500 |
| 003 - CONTROL NUMBER IDENTIFIER | |
| control field | OSt |
| 005 - DATE AND TIME OF LATEST TRANSACTION | |
| control field | 20161003112351.0 |
| 008 - FIXED-LENGTH DATA ELEMENTS--GENERAL INFORMATION | |
| fixed length control field | 160726b xxu||||| |||| 00| 0 eng d |
| 020 ## - INTERNATIONAL STANDARD BOOK NUMBER | |
| International Standard Book Number | 9780470819258 |
| 050 ## - LIBRARY OF CONGRESS CALL NUMBER | |
| Classification number | HF5636.W49 2010 |
| 100 ## - MAIN ENTRY--PERSONAL NAME | |
| Personal name | Weygandt, Jerry J. |
| 245 ## - TITLE STATEMENT | |
| Title | Principles of Financial Accounting |
| Statement of responsibility, etc | Jerry J. Weygandt... (et. al) |
| 250 ## - EDITION STATEMENT | |
| Edition statement | 2nd ed. |
| 260 ## - PUBLICATION, DISTRIBUTION, ETC. (IMPRINT) | |
| Place of publication, distribution, etc | Australia |
| Name of publisher, distributor, etc | John Wiley & Sons |
| Date of publication, distribution, etc | c2010 |
| 300 ## - PHYSICAL DESCRIPTION | |
| Extent | xxx, various pages. |
| Other physical details | col. ill. |
| Dimensions | 25cm |
| 504 ## - BIBLIOGRAPHY, ETC. NOTE | |
| Bibliography, etc | includes index. |
| 650 ## - SUBJECT ADDED ENTRY--TOPICAL TERM | |
| Topical term or geographic name as entry element | Accounting |
| 650 ## - SUBJECT ADDED ENTRY--TOPICAL TERM | |
| Topical term or geographic name as entry element | Bookkeeping |
| 700 ## - ADDED ENTRY--PERSONAL NAME | |
| Personal name | Chalmer |
| 700 ## - ADDED ENTRY--PERSONAL NAME | |
| Personal name | Mitrione |
| 700 ## - ADDED ENTRY--PERSONAL NAME | |
| Personal name | Fyfe |
| 942 ## - ADDED ENTRY ELEMENTS (KOHA) | |
| Source of classification or shelving scheme | |
| Koha item type | Book |
| Withdrawn status | Lost status | Source of classification or shelving scheme | Damaged status | Not for loan | Home library | Current library | Shelving location | Date acquired | Total Checkouts | Full call number | Barcode | Date last seen | Date checked out | Copy number | Price effective from | Koha item type |
|---|---|---|---|---|---|---|---|---|---|---|---|---|---|---|---|---|
| Riara University Library | Riara University Library | General stack | 03/10/2016 | 3 | HF5636.W49 2010 | 7972/16 | 05/04/2018 | 27/02/2018 | C.1 | 03/10/2016 | Book | |||||
| Riara University Library | Riara University Library | General stack | 10/10/2016 | HF5636.W49 2010 | 8340/16 | 10/10/2016 | C.2 | 10/10/2016 | Book |
